MARC

LEADER 00000cas a2200000 a 4500
001 vtls008297859
003 SK-MaSNL
005 20260228155822.0
008 050916d19582010xr mr p 0 b0cze d
022 |a 0005-125X 
035 |a (SVKBB03)vtls000031206 
040 |a SVKPO  |b slo  |c SVKPO  |d STUSCHK1  |d SVKBB  |d SAVUK  |e AACR2 
041 0 |a cze 
044 |a xr  |c CZ 
080 |a 004  |2 MDT-MRF 
080 |a 338.364  |2 MDT-MRF 
210 0 |a Automatizace  |b (Praha) 
222 0 |a Automatizace  |b Praha 
245 0 0 |a Automatizace 
247 0 1 |a Automatizace  |b časopis pro teorii a praxi  |f 1958-1994 
247 0 1 |a Automatizace  |b časopis pro automatizaci, měření a inženýrskou informatiku  |f 1995- 
260 |a Praha  |b Státní nakladatelství technické literatury  |c 1958-1994 
260 3 |3 1995-2010  |a Praha  |b Automatizace 
300 |a 53 zv.  |b ilustr., tab.  |c 30 cm 
310 |a 1x mesačne 
362 0 |a Roč. 1, č. 1 (1958)-roč. 53, č. 4 (2010) 
504 |a Bibliogr. odkazy 
550 |a 1958-1963 vydáva Ministerstvo průmyslu ČSR, ČSVTS pro elektrotechniku při ČSAV - odborná skupina automatisace a Čs. společnost pro šíření polit. a věd. znalostí v SNTL, Praha 
550 |a 1964-1966 vydáva Ministerstvo všeobecného strojírenství za spolupr. Čs. vědeckotech. společnosti - komise pro automatizaci a Čs. společnosti pro šíření polit. a věd. znalostí v SNTL, Praha 
550 |a 1967-1969 vydáva Ministerstvo těžkého průmyslu za spolupr. Čs. vědeckotech. společnosti - komise pro automatizaci a Socialistická akademie v SNTL, Praha 
550 |a 1970-1971 vydáva Ministerstvo průmyslu za spolupr. Čs. vědeckotech. společnosti, Společnosti aplikované kybernetiky a Socialistické akademie v SNTL, Praha 
550 |a 1972-1973 vydáva Ministerstvo hutnictví ČSSR za spolupr. Čs. vědeckotech. společnosti - Komitétu aplikované kybernetiky a Soviet. společnosti pro vědu, kulturu a politiku v SNTL, Praha 
550 |a 1974-1976 vydáva Ministerstvo hutnictví a těž. stroj. ČSSR za spolupr. Čs. vědeckotech. společnosti - Komitétu aplikované kybernetiky a Socialistické akademie v SNTL, Praha 
550 |a 1977-1991 vydáva Federální ministerstvo hutnictví a těž. strojírenství za spolupr. Čs. vědeckotech. společnosti - Komitétu aplikované kybernetiky a Socialistické akademie v SNTL, Praha 
550 |a 1992-1994 vydáva ZPA Čakovice za spolupr. České vědeckotechnické společnosti pro aplikovanou kybernetiku a informatiku v SNTL, Praha 
650 0 7 |a automatizácia  |2 svkpoph  |9 1428 
650 0 7 |a meranie  |2 svkpoph  |9 884 
650 0 7 |a inžinierska informatika  |2 svkpoph  |9 1131 
710 2 |a Socialistická akademie (Praha, Česko)  |4 pbl  |9 265379 
710 1 |a Česko.  |b Ministerstvo průmyslu a obchodu  |4 pbl  |9 235354 
710 1 |a Československá akademie věd.  |b Československá vědeckotechnická společnost pro elektrotechniku  |9 99348 
710 2 |a Československá společnost pro šíření politických a vědeckých znalostí (Praha, Česko)  |9 265380 
710 2 |a Ministerstvo všeobecného strojírenství (Praha, Česko)  |9 265381 
710 2 |a Československá vědeckotechnická společnost.  |b Komise pro automatizaci (Praha, Česko)  |9 265382 
710 2 |a Ministerstvo hutnictví ČSSR (Praha, Česko)  |9 265383 
710 2 |a Československá vědeckotechnická společnost.  |b Komitét aplikované kybernetiky (Praha, Česko)  |9 265384 
710 2 |a Federální ministerstvo hutnictví a těžkého strojírenství (Praha, Česko)  |9 265385 
710 2 |a Česká vědeckotechnická společnost pro aplikovanou kybernetiku a informatiku (Praha, Česko)  |9 265386 
850 |a Štátna vedecká knižnica v Prešove 
850 |a Slovenská chemická knižnica v Bratislave 
852 |a Štátna vedecká knižnica v Banskej Bystrici 
910 |a SCHK95 
910 |a savuk 
999 |c 670  |d 670 
952 |0 0  |1 1  |4 0  |7 0  |8 4  |a SNK  |b SNK  |d 2009-03-04  |i snk2009/4317  |l 0  |o snkČB 2431/50/2007  |p 17A0488812  |r 2026-02-21 19:30:37  |t č. 1-11, neúplné  |w 2026-02-21  |y PREZ  |z Chýba č. 12. 
952 |0 0  |1 1  |4 0  |7 0  |8 4  |a SNK  |b SNK  |d 2007-08-23  |i snk2007/19409  |l 0  |o snkČB 2431/47/2004  |p 17A0548898  |r 2026-02-21 20:15:59  |t č. 1-12  |w 2026-02-21  |y PREZ  |z obsah v č. 12 
952 |0 0  |1 1  |4 0  |7 0  |8 4  |a SNK  |b SNK  |d 2007-08-23  |i snk2007/19410  |l 0  |o snkČB 2431/48/2005  |p 17A0548899  |r 2026-02-21 20:16:00  |t č. 1-12  |w 2026-02-21  |y PREZ  |z obsah v č. 12 
952 |0 0  |1 1  |4 0  |7 0  |8 4  |a SNK  |b SNK  |d 2012-03-22  |i snk2012/6670  |l 0  |o snkČB 2431/53/2010  |p 17A0672178  |r 2026-02-21 20:23:12  |t č. 1-4  |w 2026-02-21  |y PREZ 
952 |0 0  |1 1  |4 0  |7 0  |8 4  |a SNK  |b SNK  |d 2008-03-28  |i snk2008/7077  |l 0  |o snkČB 2431/43/2000  |p 17A0574795  |r 2026-02-21 20:29:09  |t č. 1-12  |w 2026-02-21  |y PREZ 
952 |0 0  |1 1  |4 0  |7 0  |8 4  |a SNK  |b SNK  |d 2011-11-15  |i snk2011/22777  |l 0  |o snkČB 2431/52/2009  |p 17A0673000  |r 2026-02-21 20:40:06  |t č. 1-12  |w 2026-02-21  |y PREZ 
952 |0 0  |1 1  |4 0  |7 0  |8 4  |a SNK  |b SNK  |d 2008-03-25  |i snk2008/6812  |l 0  |o snkČB 2431/49/2006  |p 17A0574697  |r 2026-02-21 20:49:15  |t č. 2-12, neúplné  |w 2026-02-21  |y PREZ  |z Chýba č. 1 
952 |0 0  |1 1  |4 0  |7 0  |a SNK  |b SNK  |d 2002-06-19  |l 0  |o snkČB 2431/38/1995  |p 17A0346382  |r 2005-01-02 00:00:00  |t č. 1-12  |w 2026-02-21  |y PREZ 
952 |0 0  |1 1  |4 0  |7 0  |8 4  |a SNK  |b SNK  |d 2010-03-15  |i snk2010/5132  |l 0  |o snkČB 2431/51/2008  |p 17A0635425  |r 2026-02-21 21:42:00  |t č. 1-11, neúplné  |w 2026-02-21  |y PREZ  |z Chýba č. 7-8,12.